000 00559nam a2200181Ia 4500
003 OSt
005 20200206101511.0
008 190216s9999||||xx |||||||||||||| ||und||
040 _coclc
082 _a297.63
_bMUB/M
100 _aMubarakpoori, Swafiyyurrahman
_91831
245 0 _aMuhammed Nabi: Jeeva Charithra Samgraham /
_cSwafiyyurrahman Mubarakpoori
250 _a2nd ed.
260 _bYuvatha Book House,
_c2011.
_aKozhikode:
300 _a528p
650 _aIslamic History
942 _cBK
_2ddc
_h297.63
_iMUB/M
_k297.63
_mMUB/M
999 _c22845
_d22845